| 000 | 00679nam a2200229Ia 4500 | ||
|---|---|---|---|
| 003 | OSt | ||
| 005 | 20230619164300.0 | ||
| 008 | 210423s2014 xx 000 0 und d | ||
| 020 | _a978-93-5140-161-2 | ||
| 040 | _cAL | ||
| 041 | _aeng | ||
| 082 | _a547.2 SINO | ||
| 100 |
_aSINGH (Jagadamba);YADAV (L D S) _9105586 |
||
| 245 | _aOrganic synthesis: design reagents reactions and rearrangements | ||
| 260 |
_aNew Delhi _bPragati Prakashan _c2014 |
||
| 300 |
_ax,728 _bPB |
||
| 365 |
_b455 _cINR |
||
| 650 |
_aChemistry _9105587 |
||
| 650 |
_aOrganic Chemistry _9105588 |
||
| 906 | _adesign ; Organic ; reactions ; reagents ; rearrangements ; synthesis: | ||
| 942 |
_2ddc _cBK |
||
| 999 |
_c166406 _d166406 |
||